MEDICAL PHYSIOLOGY (Record no. 216591)

MARC details
000 -LEADER
fixed length control field 00450nam a22001817a 4500
008 - FIXED-LENGTH DATA ELEMENTS--GENERAL INFORMATION
fixed length control field 260220b |||||||| |||| 00| 0 eng d
020 ## - INTERNATIONAL STANDARD BOOK NUMBER
International Standard Book Number 9780808923602
050 ## - LIBRARY OF CONGRESS CALL NUMBER
Classification number QP 34.5.B65 2009
100 ## - MAIN ENTRY--PERSONAL NAME
Personal name BORON F.WALTER
245 ## - TITLE STATEMENT
Title MEDICAL PHYSIOLOGY
250 ## - EDITION STATEMENT
Edition statement 2ND ED.
260 ## - PUBLICATION, DISTRIBUTION, ETC.
Place of publication, distribution, etc. CANADA
Name of publisher, distributor, etc. SAUNDERS
Date of publication, distribution, etc. 2009
300 ## - PHYSICAL DESCRIPTION
Extent X11,1337P.
500 ## - GENERAL NOTE
General note INCLUDES QAN INDEX
650 ## - SUBJECT ADDED ENTRY
Topical term or geographic name entry element HUMAN PHYSIOLOGY
942 ## - ADDED ENTRY ELEMENTS (KOHA)
Source of classification or shelving scheme Library of Congress Classification
Koha item type Long Loan Book
Holdings
Withdrawn status Lost status Source of classification or shelving scheme Damaged status Not for loan Collection Home library Current library Shelving location Date acquired Inventory number Total checkouts Full call number Barcode Date last seen Date last checked out Copy number Price effective from Koha item type
    Library of Congress Classification     Medicine Kisii University Library Kisii University Library On Display 02/20/2026 27075 2 QP 34.5.B65 2009 033459 04/07/2026 03/16/2026 C.1 02/20/2026 Long Loan Book